BFDI Quiz - Statistics

General Stats
  • This quiz has been taken 144 times
  • The average score is 21 of 30
Answer Stats
Hint Answer % Correct
Who won BFDI Firey
95%
Who Won BFB Flower
95%
Who got 4th place in BFB Leafy
93%
Who got 5th Place in BFB Lollipop
92%
Who got 2nd place in BFB Gelatin
90%
First out in BFB Pencil
90%
First out in BFDIA Donut
89%
Who was host from BFB 6-8 Donut
89%
First out in TPOT Pie
87%
Who got 3rd place in BFB Teardrop
86%
Is a Bossy Bot Golf Ball
74%
Who was the Hidden Contestant of BFB 26 Profily
74%
What Does LOL stand for Locker Of Losers
72%
Who Said, "She Abandoned Us" Book
70%
Who was the first Debur David
69%
What Does TLC stand for Tiny Loser Chamber
68%
What was Season 3 called IDFB
67%
Which Character always kills Bomby is TPOT Pillow
64%
Sells Fork Attractant Yellow Face
63%
What Does BRB stand for Big Rotating Building
62%
Fours Favorite Holiday, Said in BFB 24 Halloween
60%
Who Said "Im right here, Im right here" Taco
60%
Which Contestant Loved Prizes Puffball
57%
Donuts Favorite Season Said in BFB 8 Summer
56%
Which Episode did purple face come back BFB 23
54%
Which episode has a difference of 1 vote BFB 22
53%
Who was put in the LOL in BFDIA 7 TV
49%
What does WTF stand for Weak Trembling Fortress
48%
What does EXIT stand for Eternal Algebra Class Withfour
45%
Which contestents debut in TPOT PriceTag Winner
34%
No matching quizzes found
Score Distribution
Percent of People with Each Score
Percentile by Number Answered
Your Score History
You have not taken this quiz